Представление документа в формате MARC21

Поле Инд. ПП Название Значение
Тип записи a
Библиографический уровень m
001 _ Контрольный номер RU\infra-m\znanium\bibl\858566
005 _ Дата корректировки 20250915104200.0
008 Кодируемые данные 190327s2017 RU g rus u
040 a Служба первич. каталог. Общество с ограниченной ответственностью «ЗНАНИУМ»
041 a Код языка текста rus
044 a Код страны публикации RU
080 a Индекс УДК 630
084 2 Источник индекса rubbk
a Индекс другой классификации/Индекс ББК 43
084 2 Источник индекса okso
a Индекс другой классификации/Индекс ББК 35.00.00
084 2 Источник индекса okso
a Индекс другой классификации/Индекс ББК 35.03.01
100 1_ a Автор Горобец Александр Иванович
q Полное имя Александр Иванович
245 a Заглавие Технология ведения лесного хозяйства и лесовосстановления
b Продолж. заглавия Учебное пособие
260 a Место издания Воронеж
b Издательство ФГБОУ ВПО ВГЛТУ им. Г.Ф. Морозова
c Дата издания 2016
300 a Объем 121 с.
520 a Аннотация В учебном пособии изложены технологические процессы применяемые в лесном хозяйстве для выращивания леса дана характеристика машин меха-низмов и технологического оборудования применяемых при этом.
650 a Основная рубрика Сельское хозяйство
x Основная подрубрика Лесное хозяйство
700 1_ a Другие авторы Мамонов Д.Н.
852 x Примечание, не предназначенное для пользователя znanium2023
856 4_ a Имя сервера/домена znanium.com
m Помощь ebs_support@infra-m.ru
n Местонахождение сервера НИЦ ИНФРА-М
u URL https://znanium.com/catalog/document?id=94343
z Примечание для пользователя Участвует в КО
856 41 a Имя сервера/домена znanium.com
d Путь /cover/0858
f Электронное имя 858566.jpg
q Тип электронного формата image/jpeg
u URL https://znanium.com/cover/0858/858566.jpg